[Event "Civil Service Ch 8th"]
[Site "Leeds"]
[Date "1998.??.??"]
[Round "1"]
[White "Ashby, Anthony C"]
[Black "Brusey, Alan W"]
[Result "1-0"]
[WhiteElo "1985"]
[BlackElo "1970"]
[PlyCount "79"]
[EventDate "1998.07.??"]
[EventType "swiss"]
[EventRounds "5"]
[EventCountry "ENG"]
[SourceTitle "BritBase"]
[Source "John Saunders"]
[SourceDate "2024.12.03"]
[SourceVersion "1"]
[SourceVersionDate "2024.12.03"]
[SourceQuality "1"]

1. e4 e6 2. d3 d5 3. Nd2 Nf6 4. Ngf3 c5 5. g3 Nc6 6. Bg2 Be7 7. O-O b6 8. Re1 Bb7 9. e5 Nd7 10. Nf1 Qc7 11. Bf4 h6 12. h4 O-O-O 13. c3 Rdg8 14. Qd2 g5 15. hxg5 hxg5 16. Nxg5 Bxg5 17. Bxg5 Ncxe5 18. f4 Ng6 19. d4 f6 20. f5 fxg5 21. fxg6 Rxg6 22. b4 {offered draw} Ba6 23. Qe3 Nf8 24. bxc5 bxc5 25. Nd2 Qh7 26. Nf3 Rf6 27. Rab1 Nd7 28. dxc5 Rxf3 29. Qxf3 Qh2+ 30. Kf2 Qh7 31. c6 Nc5 32. Rbd1 Nd3+ 33. Rxd3 Qxd3 34. Qxd3 Bxd3 35. Rxe6 Bc4 36. Re7 a6 37. a3 Rh6 38. c7 Rc6 39. Bh3+ Kb7 40. c8=Q+ 1-0

[Event "Civil Service Ch 8th"]
[Site "Leeds"]
[Date "1998.??.??"]
[Round "1"]
[White "Dennington, Robert"]
[Black "Pendlebury, Ian G"]
[Result "1-0"]
[WhiteElo "1605"]
[BlackElo "1960"]
[PlyCount "85"]
[EventDate "1998.07.??"]
[EventType "swiss"]
[EventRounds "5"]
[EventCountry "ENG"]
[SourceTitle "BritBase"]
[Source "John Saunders"]
[SourceDate "2024.12.03"]
[SourceVersion "1"]
[SourceVersionDate "2024.12.03"]
[SourceQuality "1"]

1. e4 c6 2. d4 d5 3. e5 Bf5 4. Bd3 Bxd3 5. Qxd3 e6 6. Ne2 Qb6 7. O-O Ne7 8. c3 Nf5 9. Nd2 Nd7 10. Nf3 c5 11. Ng3 g6 12. Nxf5 gxf5 13. b3 cxd4 14. cxd4 Be7 15. Be3 Rg8 16. Rac1 Rd8 17. Rc2 Nb8 18. Rfc1 Nc6 19. Qe2 Rg6 20. Kh1 Kd7 21. g3 h5 22. a4 Rh8 23. Qb5 h4 24. Bf4 hxg3 25. fxg3 Bd8 26. Qc5 Be7 27. Qb5 Qc7 28. a5 a6 29. Qa4 Rc8 30. Bd2 Qb8 31. b4 Qa7 32. b5 axb5 33. Qxb5 Rgg8 34. Rb1 Rc7 35. Qa4 Rgc8 36. Rb6 Kd8 37. Ng5 Ke8 38. h4 Kf8 39. h5 Bxg5 40. Bxg5 Nxa5 41. Rxc7 Rxc7 42. Bh6+ Ke7 43. Qb4+ 1-0

[Event "Civil Service Ch 8th"]
[Site "Leeds"]
[Date "1998.??.??"]
[Round "1"]
[White "Lewyk, Ihor"]
[Black "Strickland, Ian D"]
[Result "1-0"]
[WhiteElo "1975"]
[BlackElo "1605"]
[PlyCount "79"]
[EventDate "1998.07.??"]
[EventType "swiss"]
[EventRounds "5"]
[EventCountry "ENG"]
[SourceTitle "BritBase"]
[Source "John Saunders"]
[SourceDate "2024.12.03"]
[SourceVersion "1"]
[SourceVersionDate "2024.12.03"]
[SourceQuality "1"]

1. e4 d6 2. d4 Nf6 3. Nc3 g6 4. Be2 Bg7 5. Be3 O-O 6. h4 h5 7. f3 c6 8. Qd2 Re8 9. Nh3 b5 10. O-O-O a5 11. Nf2 b4 12. Nb1 Nbd7 13. g4 Bb7 14. Bh6 Bh8 15. Rhg1 Qc7 16. gxh5 Nxh5 17. Qg5 Ndf6 18. f4 Ng7 19. Bxg7 Bxg7 20. h5 e6 21. hxg6 Rec8 22. e5 Nd5 23. exd6 f6 24. Qxd5 cxd5 25. dxc7 Rxc7 26. Nd3 Ba6 27. Rde1 Bh6 28. Rg4 Rac8 29. Nc5 Bxe2 30. Rxe2 e5 31. Kd1 e4 32. Rh2 Bg7 33. Nd2 f5 34. Rgh4 Rc6 35. c3 bxc3 36. bxc3 Rxg6 37. Nf1 Rb8 38. Kc2 Rgb6 39. Na4 Rc8 40. Nxb6 1-0

[Event "Civil Service Ch 8th"]
[Site "Leeds"]
[Date "1998.??.??"]
[Round "1"]
[White "Maxwell, Alistair"]
[Black "Portman, Carl S"]
[Result "1/2-1/2"]
[WhiteElo "2120"]
[BlackElo "1855"]
[PlyCount "44"]
[EventDate "1998.07.??"]
[EventType "swiss"]
[EventRounds "5"]
[EventCountry "ENG"]
[SourceTitle "BritBase"]
[Source "John Saunders"]
[SourceDate "2024.12.03"]
[SourceVersion "1"]
[SourceVersionDate "2024.12.03"]
[SourceQuality "1"]

1. e4 e6 2. d4 d5 3. Nc3 dxe4 4. Nxe4 Nd7 5. Nf3 Ngf6 6. Nxf6+ Nxf6 7. Bg5 Be7 8. Bd3 h6 9. Bxf6 Bxf6 10. Qe2 c5 11. O-O-O cxd4 12. Bb5+ Bd7 13. Nxd4 Bxd4 14. Bxd7+ Qxd7 15. c3 Rc8 16. Kb1 O-O 17. Rxd4 Qc7 18. g3 Rfd8 19. Rhd1 Rxd4 20. Rxd4 Rd8 21. Rxd8+ Qxd8 22. f4 Qd5 1/2-1/2

[Event "Civil Service Ch 8th"]
[Site "Leeds"]
[Date "1998.??.??"]
[Round "1"]
[White "Nicholas, Jeff J"]
[Black "Collinson, Benjamin"]
[Result "1/2-1/2"]
[WhiteElo "1720"]
[BlackElo "2065"]
[PlyCount "51"]
[EventDate "1998.07.??"]
[EventType "swiss"]
[EventRounds "5"]
[EventCountry "ENG"]
[SourceTitle "BritBase"]
[Source "John Saunders"]
[SourceDate "2024.12.03"]
[SourceVersion "1"]
[SourceVersionDate "2024.12.03"]
[SourceQuality "1"]

1. d4 Nf6 2. Nf3 d6 3. c4 Nbd7 4. g3 e5 5. dxe5 dxe5 6. Bg2 Be7 7. O-O O-O 8. Qc2 c6 9. Rd1 Qc7 10. a3 a5 11. Nc3 Re8 12. b3 Nf8 13. Bb2 Bg4 14. Na4 Bxf3 15. Bxf3 e4 16. Bxe4 Nxe4 17. Qxe4 Bxa3 18. Qc2 Bxb2 19. Nxb2 Re6 20. e3 Ng6 21. Rd4 Ne5 22. Kg2 Rd8 23. Rxd8+ Qxd8 24. Rd1 Rd6 25. Rxd6 Qxd6 26. Qf5 1/2-1/2

[Event "Civil Service Ch 8th"]
[Site "Leeds"]
[Date "1998.??.??"]
[Round "1"]
[White "Parkes, Jack C"]
[Black "Charter, Mark R"]
[Result "1/2-1/2"]
[WhiteElo "1970"]
[BlackElo "2050"]
[PlyCount "56"]
[EventDate "1998.07.??"]
[EventType "swiss"]
[EventRounds "5"]
[EventCountry "ENG"]
[SourceTitle "BritBase"]
[Source "John Saunders"]
[SourceDate "2024.12.03"]
[SourceVersion "1"]
[SourceVersionDate "2024.12.03"]
[SourceQuality "1"]

1. e4 e6 2. d4 d5 3. exd5 exd5 4. Bd3 Nc6 5. c3 Bd6 6. Qf3 Be6 7. Ne2 Nge7 8. Bf4 Ng6 9. Bxd6 Qxd6 10. Nd2 O-O-O 11. Qg3 Rhe8 12. Qxd6 Rxd6 13. O-O Bd7 14. Ng3 Nf4 15. Bc2 g6 16. Rfe1 Rde6 17. Rxe6 Rxe6 18. Nf3 Ne2+ 19. Kf1 Nxg3+ 20. hxg3 Na5 21. Bd3 Nc4 22. Bxc4 dxc4 23. Ng5 Rb6 24. Re1 Rxb2 25. Re2 Rb1+ 26. Re1 Bf5 27. Rxb1 Bxb1 28. a3 Bd3+ 1/2-1/2

[Event "Civil Service Ch 8th"]
[Site "Leeds"]
[Date "1998.??.??"]
[Round "1"]
[White "Robson, Paul E"]
[Black "Walker, Martin Graham"]
[Result "0-1"]
[WhiteElo "1920"]
[BlackElo "2135"]
[PlyCount "90"]
[EventDate "1998.07.??"]
[EventType "swiss"]
[EventRounds "5"]
[EventCountry "ENG"]
[SourceTitle "BritBase"]
[Source "John Saunders"]
[SourceDate "2024.12.03"]
[SourceVersion "1"]
[SourceVersionDate "2024.12.03"]
[SourceQuality "1"]

1. e4 e5 2. Nf3 Nc6 3. d4 exd4 4. Bc4 Nf6 5. e5 d5 6. Bb5 Ne4 7. Nxd4 Bd7 8. Bxc6 bxc6 9. Be3 Be7 10. O-O O-O 11. f4 c5 12. Nb3 d4 13. Bc1 f6 14. Qe2 Bc6 15. N1d2 f5 16. Nxe4 Bxe4 17. Qc4+ Bd5 18. Qe2 Qd7 19. Nd2 Kh8 20. b3 Qe6 21. Nf3 a5 22. a4 Bb7 23. Ba3 Ba6 24. Qf2 Bxf1 25. Rxf1 Rfd8 26. Nd2 g5 27. Nc4 Rg8 28. Bc1 Qd5 29. fxg5 Bxg5 30. Bxg5 Rxg5 31. Qf3 Qe4 32. Nd2 Qxf3 33. Nxf3 Rg4 34. Nd2 d3 35. cxd3 Rd4 36. Rxf5 Rxd3 37. Nf3 Rxb3 38. Rf7 Rc8 39. Kf2 Rb2+ 40. Kg3 c4 41. Ng5 c3 42. Nxh7 Rg8+ 43. Kf3 Rg7 44. e6 c2 45. e7 Rxf7+ 0-1

[Event "Civil Service Ch 8th"]
[Site "Leeds"]
[Date "1998.??.??"]
[Round "1"]
[White "Smith, GM."]
[Black "Pheby, Ian M"]
[Result "1/2-1/2"]
[WhiteElo "1665"]
[BlackElo "1950"]
[PlyCount "43"]
[EventDate "1998.07.??"]
[EventType "swiss"]
[EventRounds "5"]
[EventCountry "ENG"]
[SourceTitle "BritBase"]
[Source "John Saunders"]
[SourceDate "2024.12.03"]
[SourceVersion "1"]
[SourceVersionDate "2024.12.03"]
[SourceQuality "1"]

1. e4 c6 2. Nf3 d5 3. exd5 cxd5 4. d4 Nc6 5. c3 g6 6. Bf4 Qb6 7. Qb3 Qxb3 8. axb3 Bg7 9. Na3 Nf6 10. Nb5 O-O 11. Nc7 Rb8 12. Nxd5 Nxd5 13. Bxb8 Nxb8 14. Rxa7 Nc6 15. Ra1 Re8 16. Bb5 Bd7 17. O-O Nc7 18. Bxc6 Bxc6 19. Ne5 Bb5 20. Rfe1 f6 21. Nc4 Kf7 22. Rad1 1/2-1/2

[Event "Civil Service Ch 8th"]
[Site "Leeds"]
[Date "1998.??.??"]
[Round "1"]
[White "Thurlow, Kevin J"]
[Black "Archer, Richard P"]
[Result "1/2-1/2"]
[WhiteElo "2090"]
[BlackElo "1865"]
[PlyCount "103"]
[EventDate "1998.07.??"]
[EventType "swiss"]
[EventRounds "5"]
[EventCountry "ENG"]
[SourceTitle "BritBase"]
[Source "John Saunders"]
[SourceDate "2024.12.03"]
[SourceVersion "1"]
[SourceVersionDate "2024.12.03"]
[SourceQuality "1"]

1. c4 c6 2. e4 d5 3. exd5 cxd5 4. cxd5 Qxd5 5. Nc3 Qa5 6. Bc4 e6 7. Nf3 Nf6 8. O-O Be7 9. d4 O-O 10. Qe2 Nc6 11. Bf4 a6 12. Rad1 b5 13. d5 bxc4 14. dxc6 Qc5 15. Ne5 Nd5 16. Bg3 Bf6 17. Ne4 Qb5 18. Nd6 Qc5 19. Ndxc4 Bxe5 20. Nxe5 f6 21. Rc1 Qb5 22. Nc4 Qxc6 23. Nd6 Qd7 24. Rfe1 e5 25. Nxc8 Rfxc8 26. Qd3 Qb5 {draw offer} 27. Rxc8+ Rxc8 28. Qf5 Qc6 29. f4 exf4 30. Bxf4 Nxf4 31. Qxf4 Qc5+ 32. Qe3 Qxe3+ 33. Rxe3 Rc2 34. Rb3 Kf7 35. Rb6 Kg6 36. a3 a5 37. Rb5 a4 38. h3 f5 39. Kh2 f4 40. Kg1 Kh6 41. h4 Kg6 42. Kf1 Kf6 43. Rb4 Kf5 44. Rxa4 Rxb2 45. Ra7 Rb1+ 46. Kf2 Rb2+ 47. Kg1 Kf6 48. a4 Ra2 49. a5 h6 50. h5 Kg5 51. Rxg7+ Kxh5 52. Ra7 1/2-1/2

[Event "Civil Service Ch 8th"]
[Site "Leeds"]
[Date "1998.??.??"]
[Round "1"]
[White "Wolstencroft, Darryl"]
[Black "Millard, Ian"]
[Result "1/2-1/2"]
[WhiteElo "1975"]
[BlackElo "1680"]
[PlyCount "63"]
[EventDate "1998.07.??"]
[EventType "swiss"]
[EventRounds "5"]
[EventCountry "ENG"]
[SourceTitle "BritBase"]
[Source "John Saunders"]
[SourceDate "2024.12.03"]
[SourceVersion "1"]
[SourceVersionDate "2024.12.03"]
[SourceQuality "1"]

1. c4 Nf6 2. g3 e5 3. Bg2 Bc5 4. Nc3 O-O 5. e3 c6 6. Nge2 d5 7. cxd5 cxd5 8. d4 exd4 9. exd4 Bb4 10. O-O Bg4 11. a3 Bxc3 12. bxc3 Qc8 13. f3 Bh3 14. Bxh3 Qxh3 15. Qb3 b6 16. Nf4 Qd7 17. Nd3 Nc6 18. Ne5 Nxe5 19. dxe5 Ne8 20. a4 Nc7 21. Ba3 Rfe8 22. Bd6 Rac8 23. Rfd1 Qf5 24. Bxc7 Rxc7 25. Qxd5 Rxc3 26. f4 h5 27. a5 h4 28. Qd7 Qxd7 29. Rxd7 hxg3 30. hxg3 Rxg3+ 31. Kf2 Rb3 32. Rxa7 1/2-1/2

[Event "Civil Service Ch 8th"]
[Site "Leeds"]
[Date "1998.??.??"]
[Round "2"]
[White "Archer, Richard P"]
[Black "Maxwell, Alistair"]
[Result "1/2-1/2"]
[WhiteElo "1865"]
[BlackElo "2120"]
[PlyCount "23"]
[EventDate "1998.07.??"]
[EventType "swiss"]
[EventRounds "5"]
[EventCountry "ENG"]
[SourceTitle "BritBase"]
[Source "John Saunders"]
[SourceDate "2024.12.03"]
[SourceVersion "1"]
[SourceVersionDate "2024.12.03"]
[SourceQuality "1"]

1. e4 e6 2. d4 d5 3. Nd2 a6 4. Ngf3 c5 5. c3 Nc6 6. exd5 exd5 7. Bd3 Nf6 8. O-O Bd6 9. Re1+ Kf8 10. dxc5 Bxc5 11. Nb3 Be7 12. Be3 1/2-1/2

[Event "Civil Service Ch 8th"]
[Site "Leeds"]
[Date "1998.??.??"]
[Round "2"]
[White "Brusey, Alan W"]
[Black "Strickland, Ian D"]
[Result "1-0"]
[WhiteElo "1970"]
[BlackElo "1605"]
[PlyCount "47"]
[EventDate "1998.07.??"]
[EventType "swiss"]
[EventRounds "5"]
[EventCountry "ENG"]
[SourceTitle "BritBase"]
[Source "John Saunders"]
[SourceDate "2024.12.03"]
[SourceVersion "1"]
[SourceVersionDate "2024.12.03"]
[SourceQuality "1"]

1. e4 d6 2. d4 Nf6 3. Nc3 g6 4. Bg5 Bg7 5. Qd2 h6 6. Bf4 g5 7. Bg3 Nh5 8. Be2 Nxg3 9. hxg3 c6 10. f4 gxf4 11. gxf4 Nd7 12. Nf3 Qc7 13. e5 dxe5 14. fxe5 b6 15. O-O-O Bb7 16. Bc4 Rd8 17. Qf4 e6 18. Ne4 Nb8 19. Nd6+ Kf8 20. Bxe6 Qe7 21. Nxf7 Ke8 22. Nd6+ Rxd6 23. exd6 Qxe6 24. Rhe1 1-0

[Event "Civil Service Ch 8th"]
[Site "Leeds"]
[Date "1998.??.??"]
[Round "2"]
[White "Charter, Mark R"]
[Black "Nicholas, Jeff J"]
[Result "1-0"]
[WhiteElo "2050"]
[BlackElo "1720"]
[PlyCount "37"]
[EventDate "1998.07.??"]
[EventType "swiss"]
[EventRounds "5"]
[EventCountry "ENG"]
[SourceTitle "BritBase"]
[Source "John Saunders"]
[SourceDate "2024.12.03"]
[SourceVersion "1"]
[SourceVersionDate "2024.12.03"]
[SourceQuality "1"]

1. d4 d5 2. e3 Nf6 3. Bd3 e6 4. Nd2 Be7 5. f4 c5 6. c3 b6 7. Nh3 Ba6 8. Bxa6 Nxa6 9. Qa4+ Qd7 10. Qxa6 c4 11. b3 O-O 12. bxc4 Ng4 13. Nf3 Bf6 14. O-O Rfc8 15. Ne5 Bxe5 16. fxe5 dxc4 17. Nf2 f5 18. Nxg4 fxg4 19. Ba3 1-0

[Event "Civil Service Ch 8th"]
[Site "Leeds"]
[Date "1998.??.??"]
[Round "2"]
[White "Collinson, Benjamin"]
[Black "Smith, GM."]
[Result "1-0"]
[WhiteElo "2065"]
[BlackElo "1665"]
[PlyCount "89"]
[EventDate "1998.07.??"]
[EventType "swiss"]
[EventRounds "5"]
[EventCountry "ENG"]
[SourceTitle "BritBase"]
[Source "John Saunders"]
[SourceDate "2024.12.03"]
[SourceVersion "1"]
[SourceVersionDate "2024.12.03"]
[SourceQuality "1"]

1. e4 e5 2. Nf3 Nf6 3. Nc3 Nc6 4. Bb5 d6 5. d4 Bd7 6. O-O Nxd4 7. Nxd4 exd4 8. Qxd4 Bxb5 9. Nxb5 a6 10. e5 axb5 11. exf6 Qxf6 12. Qe4+ Be7 13. Qxb7 O-O 14. Qxb5 Qe6 15. a4 Bf6 16. c3 Qe4 17. a5 Rfb8 18. Qa4 Qxa4 19. Rxa4 Rb7 20. Re1 Kf8 21. Rae4 Rba7 22. Rc4 Rxa5 23. Rxc7 Rc5 24. Bf4 Rd8 25. Rb7 Rc4 26. g3 g5 27. Be3 h5 28. Ra1 Re8 29. Raa7 Re7 30. Rxe7 Bxe7 31. Bd4 f6 32. Kf1 Kf7 33. Ke2 Ke6 34. Kd3 d5 35. b4 f5 36. b5 Rc8 37. b6 Rb8 38. c4 dxc4+ 39. Kxc4 Bd6 40. Kb5 f4 41. Rg7 fxg3 42. fxg3 Be7 43. Be5 Kxe5 44. Rxe7+ Kd6 45. Rh7 1-0

[Event "Civil Service Ch 8th"]
[Site "Leeds"]
[Date "1998.??.??"]
[Round "2"]
[White "Lewyk, Ihor"]
[Black "Ashby, Anthony C"]
[Result "0-1"]
[WhiteElo "1975"]
[BlackElo "1985"]
[PlyCount "76"]
[EventDate "1998.07.??"]
[EventType "swiss"]
[EventRounds "5"]
[EventCountry "ENG"]
[SourceTitle "BritBase"]
[Source "John Saunders"]
[SourceDate "2024.12.03"]
[SourceVersion "1"]
[SourceVersionDate "2024.12.03"]
[SourceQuality "1"]

1. e4 e5 2. Nf3 Nc6 3. d4 exd4 4. Bc4 Nf6 5. O-O Bc5 6. e5 d5 7. exf6 dxc4 8. Qe2+ Be6 9. fxg7 Rg8 10. Ng5 Qd5 11. Ne4 Be7 12. Bh6 O-O-O 13. Rd1 Qf5 14. f4 Qg6 15. Bg5 Rxg7 16. Bxe7 Nxe7 17. Ng5 Nf5 18. Nxe6 fxe6 19. Na3 Ne3 20. g3 Nxd1 21. Rxd1 d3 22. cxd3 cxd3 23. Qe3 Qh5 24. Qxe6+ Kb8 25. Rd2 Qc5+ 26. Kg2 Re7 27. Rxd3 Rde8 28. Qg4 Re2+ 29. Kh3 Qf2 30. Kh4 Qxh2+ 31. Kg5 a6 32. Qh4 h6+ 33. Kh5 R2e5+ 34. fxe5 Qe2+ 35. Qg4 Rxe5+ 36. Kh4 Qxd3 37. Qg8+ Ka7 38. Qg7 Qd4+ 0-1

[Event "Civil Service Ch 8th"]
[Site "Leeds"]
[Date "1998.??.??"]
[Round "2"]
[White "Millard, Ian"]
[Black "Thurlow, Kevin J"]
[Result "0-1"]
[WhiteElo "1680"]
[BlackElo "2090"]
[PlyCount "80"]
[EventDate "1998.07.??"]
[EventType "swiss"]
[EventRounds "5"]
[EventCountry "ENG"]
[SourceTitle "BritBase"]
[Source "John Saunders"]
[SourceDate "2024.12.03"]
[SourceVersion "1"]
[SourceVersionDate "2024.12.03"]
[SourceQuality "1"]

1. d4 Nf6 2. Bg5 c5 3. e3 Qb6 4. Nc3 e6 5. Rb1 cxd4 6. exd4 Be7 7. Nf3 h6 8. Be3 d5 9. Ne5 Nc6 10. Bb5 a6 11. Be2 Nd7 12. Nxc6 bxc6 13. O-O O-O 14. f4 c5 15. Na4 Qc7 16. Nxc5 Nxc5 17. dxc5 Bxc5 18. Bxc5 Qxc5+ 19. Kh1 Bd7 20. Bd3 Bb5 21. Rf3 Rac8 22. Rc1 Bxd3 23. Qxd3 Qb4 24. Qb3 Qd2 25. Qe3 Rxc2 26. Qxd2 Rxd2 27. Rb3 Kh7 28. h3 Rd4 29. g3 Ra4 30. a3 Rc4 31. Rxc4 dxc4 32. Rb7 Kg6 33. Kg2 Rd8 34. Rc7 Rd2+ 35. Kf3 Rxb2 36. Rxc4 Rb3+ 37. Kg4 Rxa3 38. Rc7 f5+ 39. Kh4 Kf6 40. Rc8 g5+ 0-1

[Event "Civil Service Ch 8th"]
[Site "Leeds"]
[Date "1998.??.??"]
[Round "2"]
[White "Pheby, Ian M"]
[Black "Parkes, Jack C"]
[Result "1-0"]
[WhiteElo "1950"]
[BlackElo "1970"]
[PlyCount "83"]
[EventDate "1998.07.??"]
[EventType "swiss"]
[EventRounds "5"]
[EventCountry "ENG"]
[SourceTitle "BritBase"]
[Source "John Saunders"]
[SourceDate "2024.12.03"]
[SourceVersion "1"]
[SourceVersionDate "2024.12.03"]
[SourceQuality "1"]

1. d4 Nf6 2. c4 e6 3. Nf3 d5 4. cxd5 exd5 5. Nc3 Be7 6. Bf4 c6 7. e3 Nbd7 8. Bd3 Nf8 9. h3 Ng6 10. Bh2 O-O 11. Qc2 Bd6 12. O-O-O Bxh2 13. Rxh2 Re8 14. g4 Qe7 15. Rg1 Ne4 16. h4 b6 17. g5 Bd7 18. h5 Nf8 19. Bxe4 dxe4 20. Nd2 c5 21. Ndxe4 Kh8 22. d5 Bf5 23. f3 b5 24. Nxb5 Bxe4 25. fxe4 Qxe4 26. Qxe4 Rxe4 27. Re2 Nd7 28. Nc3 Rh4 29. e4 Ne5 30. g6 Rxh5 31. gxf7 Nxf7 32. Rf1 Ne5 33. Rf5 Rh1+ 34. Kc2 Re8 35. d6 Nd7 36. e5 Rh6 37. Rf7 Nf8 38. d7 Nxd7 39. Rxd7 Rhe6 40. Rxa7 g5 41. Nd5 h5 42. Kd3 1-0

[Event "Civil Service Ch 8th"]
[Site "Leeds"]
[Date "1998.??.??"]
[Round "2"]
[White "Walker, Martin Graham"]
[Black "Dennington, Robert"]
[Result "1-0"]
[WhiteElo "2135"]
[BlackElo "1605"]
[PlyCount "83"]
[EventDate "1998.07.??"]
[EventType "swiss"]
[EventRounds "5"]
[EventCountry "ENG"]
[SourceTitle "BritBase"]
[Source "John Saunders"]
[SourceDate "2024.12.03"]
[SourceVersion "1"]
[SourceVersionDate "2024.12.03"]
[SourceQuality "1"]

1. e4 e5 2. Nf3 Nc6 3. Bb5 a6 4. Ba4 b5 5. Bb3 Bb7 6. O-O Nf6 7. d3 Be7 8. Re1 O-O 9. Nbd2 a5 10. a4 b4 11. Nc4 d6 12. Ne3 Bc8 13. c3 Be6 14. Nd5 Rb8 15. Bc4 Re8 16. Ng5 h6 17. Nxf6+ Bxf6 18. Nxe6 fxe6 19. Qg4 d5 20. Bb5 Qd6 21. cxb4 Nxb4 22. Bxe8 Nc2 23. Bxh6 Rxe8 24. Bd2 Nxa1 25. Rxa1 dxe4 26. Qxe4 Rd8 27. Bxa5 Qxd3 28. Qxd3 Rxd3 29. Bc3 c5 30. a5 Rd8 31. a6 Kf7 32. Kf1 Ke8 33. Ke2 Ra8 34. Ke3 Kd7 35. Ke4 Kc6 36. Bxe5 Kb6 37. Bxf6 gxf6 38. a7 Kc6 39. h4 Kd6 40. h5 Ke7 41. Kd3 f5 42. Kc4 1-0

[Event "Civil Service Ch 8th"]
[Site "Leeds"]
[Date "1998.??.??"]
[Round "3"]
[White "Ashby, Anthony C"]
[Black "Walker, Martin Graham"]
[Result "1/2-1/2"]
[WhiteElo "1985"]
[BlackElo "2135"]
[PlyCount "62"]
[EventDate "1998.07.??"]
[EventType "swiss"]
[EventRounds "5"]
[EventCountry "ENG"]
[SourceTitle "BritBase"]
[Source "John Saunders"]
[SourceDate "2024.12.03"]
[SourceVersion "1"]
[SourceVersionDate "2024.12.03"]
[SourceQuality "1"]

1. e4 Nf6 2. d3 e5 3. Nf3 d5 4. Nxe5 dxe4 5. d4 Bd6 6. Nc4 Bg4 7. Be2 Bxe2 8. Qxe2 h6 9. Nxd6+ cxd6 10. O-O O-O 11. Bf4 Nc6 12. c3 d5 13. Nd2 Qd7 14. Rfe1 Rfe8 15. Nf1 g5 16. Bd2 Kg7 17. h3 Nh7 18. c4 f5 19. cxd5 Qxd5 20. Ne3 Qd7 21. Bc3 Nf6 22. Qb5 Kg6 23. Rad1 f4 24. Nc4 Nd5 25. Qb3 Rad8 26. Ne5+ Nxe5 27. dxe5 f3 28. Qc2 fxg2 29. Qxe4+ Qf5 30. Qxf5+ Kxf5 31. Kxg2 Nxc3 1/2-1/2

[Event "Civil Service Ch 8th"]
[Site "Leeds"]
[Date "1998.??.??"]
[Round "3"]
[White "Dennington, Robert"]
[Black "Lewyk, Ihor"]
[Result "0-1"]
[WhiteElo "1605"]
[BlackElo "1975"]
[PlyCount "56"]
[EventDate "1998.07.??"]
[EventType "swiss"]
[EventRounds "5"]
[EventCountry "ENG"]
[SourceTitle "BritBase"]
[Source "John Saunders"]
[SourceDate "2024.12.03"]
[SourceVersion "1"]
[SourceVersionDate "2024.12.03"]
[SourceQuality "1"]

1. e4 d5 2. exd5 Nf6 3. d4 Bg4 4. Be2 Bxe2 5. Nxe2 Qxd5 6. O-O Nc6 7. c3 O-O-O 8. Qc2 e6 9. Bf4 g5 10. Bg3 h5 11. Qb3 Qe4 12. Re1 h4 13. f3 Qf5 14. Bf2 h3 15. Ng3 Qh7 16. gxh3 Qxh3 17. Nf1 Bd6 18. Nbd2 g4 19. c4 Bxh2+ 20. Nxh2 Qxh2+ 21. Kf1 g3 22. Bg1 g2+ 23. Kf2 Qh4+ 24. Kxg2 Rdg8+ 25. Kf1 Rxg1+ 26. Kxg1 Qg3+ 27. Kf1 Rh1+ 28. Ke2 Nxd4+ 0-1

[Event "Civil Service Ch 8th"]
[Site "Leeds"]
[Date "1998.??.??"]
[Round "3"]
[White "Maxwell, Alistair"]
[Black "Brusey, Alan W"]
[Result "0-1"]
[WhiteElo "2120"]
[BlackElo "1970"]
[PlyCount "74"]
[EventDate "1998.07.??"]
[EventType "swiss"]
[EventRounds "5"]
[EventCountry "ENG"]
[SourceTitle "BritBase"]
[Source "John Saunders"]
[SourceDate "2024.12.03"]
[SourceVersion "1"]
[SourceVersionDate "2024.12.03"]
[SourceQuality "1"]

1. d4 d5 2. Nf3 Nc6 3. g3 Bg4 4. Bg2 Nf6 5. Ne5 Bf5 6. c4 Be4 7. Bxe4 Nxe4 8. Qa4 Qd6 9. Nxc6 Qxc6 10. Qxc6+ bxc6 11. cxd5 cxd5 12. Nd2 Nf6 13. Nb3 e6 14. Bd2 Bd6 15. Rc1 O-O 16. Ba5 Rfc8 17. Rc6 Nd7 18. O-O Kf8 19. Rfc1 Nb6 20. Nd2 f6 21. e4 Ke7 22. f4 Kd7 23. b3 Ba3 24. R1c2 Bb2 25. a4 Bxd4+ 26. Kh1 Rab8 27. Nf3 Bb2 28. exd5 Nxd5 29. b4 Rb7 30. b5 Ba3 31. Re2 Bd6 32. Nd4 Re8 33. f5 e5 34. Ne6 g6 35. Nxc7 Bxc7 36. Bxc7 Rxc7 37. Rd2 Rxc6 0-1

[Event "Civil Service Ch 8th"]
[Site "Leeds"]
[Date "1998.??.??"]
[Round "3"]
[White "Nicholas, Jeff J"]
[Black "Portman, Carl S"]
[Result "0-1"]
[WhiteElo "1720"]
[BlackElo "1855"]
[PlyCount "78"]
[EventDate "1998.07.??"]
[EventType "swiss"]
[EventRounds "5"]
[EventCountry "ENG"]
[SourceTitle "BritBase"]
[Source "John Saunders"]
[SourceDate "2024.12.03"]
[SourceVersion "1"]
[SourceVersionDate "2024.12.03"]
[SourceQuality "1"]

1. d4 e6 2. c4 d5 3. Nf3 Nf6 4. g3 c6 5. Bg2 Bb4+ 6. Nbd2 dxc4 7. O-O c3 8. Nb3 cxb2 9. Bxb2 Nbd7 10. Qc2 O-O 11. e4 a5 12. Rab1 Nb6 13. Rfd1 Qe7 14. a3 a4 15. Nc1 Ba5 16. Ne2 Rd8 17. Nc3 Nc4 18. e5 Nd5 19. Nxd5 exd5 20. Qxa4 Bf5 21. Qb3 Bxb1 22. Rxb1 Nxb2 23. Qxb2 Ra7 24. Qc2 g6 25. a4 Rda8 26. h4 Bd8 27. Qe2 Rxa4 28. Rb2 b5 29. Bh3 Bb6 30. Rc2 Rc4 31. Rd2 b4 32. e6 f6 33. g4 Ra1+ 34. Kg2 Bc7 35. g5 f5 36. Rb2 Rcc1 37. Rb3 Rh1 38. Qd2 Qd6 39. Ne5 Rag1+ 0-1

[Event "Civil Service Ch 8th"]
[Site "Leeds"]
[Date "1998.??.??"]
[Round "3"]
[White "Parkes, Jack C"]
[Black "Pendlebury, Ian G"]
[Result "0-1"]
[WhiteElo "1970"]
[BlackElo "1960"]
[PlyCount "56"]
[EventDate "1998.07.??"]
[EventType "swiss"]
[EventRounds "5"]
[EventCountry "ENG"]
[SourceTitle "BritBase"]
[Source "John Saunders"]
[SourceDate "2024.12.03"]
[SourceVersion "1"]
[SourceVersionDate "2024.12.03"]
[SourceQuality "1"]

1. e4 c6 2. d4 d5 3. Nc3 dxe4 4. Nxe4 Nf6 5. Nxf6+ gxf6 6. c3 Bf5 7. Be3 e6 8. Ne2 Bd6 9. Ng3 Bg6 10. Bd3 Qc7 11. Qe2 Nd7 12. O-O-O O-O-O 13. Ne4 Bxe4 14. Bxe4 f5 15. Bc2 Bf4 16. Qf3 Bxe3+ 17. fxe3 Nb6 18. e4 fxe4 19. Bxe4 Nd5 20. Bxd5 Rxd5 21. g4 Rhd8 22. Rdf1 R5d7 23. Qe4 c5 24. dxc5 Qxc5 25. Re1 Qg5+ 26. Kb1 Rd2 27. Re2 Qb5 28. Rxd2 Rxd2 0-1